| 000 | 01135nam a2200313 a 4500 | ||
|---|---|---|---|
| 001 | 000112564 | ||
| 003 | CHAP | ||
| 005 | 20220329144312.0 | ||
| 008 | 160617s2016 mx a fsm |||||||spa d | ||
| 010 | _a109025 | ||
| 011 | _a109997 | ||
| 040 | _cCHAP | ||
| 090 | _aTesis | ||
| 100 | 1 |
_aLópez Aguilar, Yuridia _9130938 |
|
| 245 | 1 | 0 |
_aFormulas de fertilización en manzano (Malus x domestica Bork.) en la región Pesa-Itundujia, Oaxaca/ _h[En línea] _cpor Yuridia López Aguilar. |
| 260 |
_aChapingo, Méx. : _bEl autor, _c2016. |
||
| 500 | _aPara ver el contenido del material haga clic en la liga | ||
| 502 | _aTesis (Ing. Agr. Esp. en Fitotecnia) -- UACH. Departamento de Fitotecnia | ||
| 590 |
_aE6096MTM _b05 _c20160617 _lUCH01 _h1501 |
||
| 590 |
_aE6096MTM _b05 _c20160617 _lUCH01 _h1502 |
||
| 650 | 1 | 4 |
_aFenología. _940043 |
| 650 | 1 | 4 |
_aFertilización foliar. _940445 |
| 650 | 1 | 4 |
_aFertilizantes _xEfecto en chile manzano. _9130939 |
| 650 | 1 | 4 |
_aFertilizantes _xEfecto en cultivos. _940505 |
| 856 |
_aFinding aid _uhttp://10.13.5.2/tesis/sist112564.pdf _zTeclea aquí |
||
| 901 | _aBK | ||
| 942 | _cTESIS | ||
| 942 | _n0 | ||
| 999 |
_c109025 _d109025 |
||